LDR 01021naa#a2200205#i#450# 001 RU\\bibl\120635 005 20260516233040.6 011 ## _a2587-6740 100 ## _a20260415b2026####ek#y0rusy0150####ca 102 ## _aRU 200 1# _aЗимостойкость и урожайность озимой пшеницы в условиях континентального климата Нахичеванской автономной республики Азербайджана _eЖурнальная статья 210 1# _aМосква _cЭлектронная наука _d2026 215 ## _a4 с. 608 ## _aЖурнальная статья _2local 675 ## _aПшеница твердая. Triticum durum Desf.. 633.112.1 _z 700 #1 _aФатуллаев _gПарвиз Улкер оглы 700 #1 _aСпиридонов _gАнатолий Михайлович 700 #1 _aЗейналова _gГунай Хикмет кызы 700 #1 _aИбрагимов _gАловсат Вели оглы 856 4# _astolypinvestnik.ru _u